000 00748nam a2200217 a 4500
005 20140310183518.0
008 110122s19uu xx 00 eng d
020 _a9789715422326
050 _aDS 651
_b.P28 2001
245 _aThe Filipino press and media, democracy and development :
_bAng aklat sa pamahayagan at midya, demokrasya au kaulnaran sa Pilipinas /
_cedited by Luis V. Teodoro and Melinda Q. De Jesus.
260 _aQuezon City :
_bUp Press,
_c2001.
300 _a258 p. :
_c25 cm.
521 _aMC
650 _aPress-Philippines.
650 _aMass media-Philippines.
650 _aJournalism-Philippines.
700 _aeditors: Luis V. Teodoro
700 _aMelinda Q. De Jesus
942 _cBK
_2lcc
_kLOC
999 _c24352
_d24352